书目信息 |
| 题名: |
程序是怎样跑起来的
|
|
| 作者: | 矢泽久雄 著 ;李逢俊 译 | |
| 分册: | ||
| 出版信息: | 北京 人民邮电出版社 2015 |
|
| 页数: | 259页 | |
| 开本: | 21cm | |
| 丛书名: | 图灵程序设计丛书 | |
| 单 册: | ||
| 中图分类: | TP31-49 | |
| 科图分类: | ||
| 主题词: | 程序系统--普及读物 | |
| 电子资源: | ||
| ISBN: | 978-7-115-38513-0 | |
| 000 | 01202nam0 2200277 450 | |
| 001 | 3556 | |
| 005 | 20160926155925.93 | |
| 010 | @a978-7-115-38513-0@b平装@dCNY39.00 | |
| 100 | @a20150706d2015 em y0chiy50 ea | |
| 101 | 1 | @achi@cjpn |
| 102 | @aCN@b110000 | |
| 105 | @aa z 000yy | |
| 200 | 1 | @a程序是怎样跑起来的@9cheng xu shi zen yang pao qi lai de@dHow program works@zeng@f(日)矢泽久雄著@g李逢俊译 |
| 210 | @a北京@c人民邮电出版社@d2015 | |
| 215 | @a259页@c图@d21cm | |
| 225 | 2 | @a图灵程序设计丛书 |
| 305 | @a据2007年日文版译出, 中文简体字版由Nikkei Business Publications, Inc.授权人民邮电出版社独家出版 | |
| 330 | @a本书从计算机的内部结构开始讲起,以图配文的形式详细讲解了二进制、内存、数据压缩、源文件和可执行文件、操作系统和应用程序的关系、算法、硬件控制方法等内容,同时专设了“跟阿呆讲电脑”专栏,以小学生、老奶奶等计算机小白为对象来讲解程序的运行原理,颇为有趣。本书图文并茂,讲解通俗。 | |
| 461 | 0 | @12001 @a图灵程序设计丛书 |
| 510 | 1 | @aHow program works@zeng |
| 606 | 0 | @a程序系统@j普及读物 |
| 690 | @aTP31-49@v5 | |
| 701 | 0 | @a矢泽久雄@9shi ze jiu xiong@4著 |
| 702 | 0 | @a李逢俊@9li feng jun@4译 |
| 801 | 0 | @aCN@b唐山师范学院图书馆@c20151001 |
| 905 | @aZUCC@dTP31-49@e935 | |
| 程序是怎样跑起来的=How program works/(日)矢泽久雄著/李逢俊译.-北京:人民邮电出版社,2015 |
| 259页:图;21cm.-(图灵程序设计丛书) |
| ISBN 978-7-115-38513-0(平装):CNY39.00 |
| 本书从计算机的内部结构开始讲起,以图配文的形式详细讲解了二进制、内存、数据压缩、源文件和可执行文件、操作系统和应用程序的关系、算法、硬件控制方法等内容,同时专设了“跟阿呆讲电脑”专栏,以小学生、老奶奶等计算机小白为对象来讲解程序的运行原理,颇为有趣。本书图文并茂,讲解通俗。 |
| ● |
| 相关链接 |
|
|
|
|
正题名:程序是怎样跑起来的
索取号:TP31-49/935
 
预约/预借
| 序号 | 登录号 | 条形码 | 馆藏地/架位号 | 状态 | 备注 |
| 1 | 905649 | 209056493 | 第二样本阅览室/ [索取号:TP31-49/935] | 在馆 | |
| 2 | 905650 | 209056509 | 第三借阅区/ [索取号:TP31-49/935] | 在馆 | |
| 3 | 905651 | 209056518 | 第三借阅区/ [索取号:TP31-49/935] | 在馆 | |
| 4 | 905652 | 209056527 | 第三借阅区/ [索取号:TP31-49/935] | 在馆 | |
| 5 | 905653 | 209056536 | 密集书库—计算机科学学院/ [索取号:TP31-49/935] | 在馆 |